[Event "SVG Plettenberg 1 - SF Essen-Katernberg"]
[Site "NRW-Klasse - Gruppe 2 2018/20"]
[Date "2018.12.09"]
[Round "4.5"]
[White "Gassmann, Volker"]
[Black "Klip, Hans"]
[Result "1-0"]
[WhiteElo "2171"]
[BlackElo "2255"]
[PlyCount "83"]
[EventDate "2018.??.??"]
[WhiteTeam "SF Essen-Katernberg  1"]
[BlackTeam "SVG Plettenberg 1"]

1. d4 f5 2. e4 fxe4 3. Nc3 g6 4. Nxe4 d5 5. Ng3 Bg7 6. Nf3 Qd6 7. Be2 Nc6 8.
O-O Nh6 9. c3 O-O 10. b4 Nf7 11. a4 Re8 12. Ba3 Qf6 13. Re1 Bd7 14. Qb3 e6 15.
Qa2 Rad8 16. Rad1 a6 17. b5 axb5 18. axb5 Ne7 19. Qb3 Nc8 20. h4 Nb6 21. Bc1
Ra8 22. h5 Bf8 23. hxg6 hxg6 24. Bd3 Bd6 25. Qc2 Kg7 26. Re3 Rh8 27. Rde1 Nc4
28. Bxc4 dxc4 29. Ne5 Bxe5 30. dxe5 Qh4 31. Re4 Qh2+ 32. Kf1 Nh6 33. Bg5 Nf5
34. Bf6+ Kf7 35. Bxh8 Rxh8 36. Qd2 Bxb5 37. Qg5 Ne7 38. Qf6+ Ke8 39. Ra1 Rh7
40. Ra8+ Kd7 41. Rd4+ Nd5 42. Rxd5+ 1-0

[Event "SVG Plettenberg 1 - SF Essen-Katernberg"]
[Site "NRW-Klasse - Gruppe 2 2018/20"]
[Date "2018.12.09"]
[Round "4.6"]
[White "Litwak, Aleksej"]
[Black "Kaeding, Rainer"]
[Result "1-0"]
[WhiteElo "2244"]
[BlackElo "2129"]
[PlyCount "83"]
[EventDate "2018.??.??"]
[WhiteTeam "SVG Plettenberg 1"]
[BlackTeam "SF Essen-Katernberg  1"]

1. e4 c5 2. Nf3 e6 3. d4 cxd4 4. Nxd4 Nc6 5. Nc3 Qc7 6. Be2 a6 7. O-O Nf6 8.
Be3 Bb4 9. Na4 Be7 10. Nxc6 bxc6 11. Nb6 Rb8 12. Nxc8 Qxc8 13. Bd4 c5 14. Be5
Rb6 15. b3 Nxe4 16. Bxg7 Rg8 17. Bb2 Rd6 18. Bd3 c4 19. bxc4 Qc6 20. Qf3 Nd2
21. Qxc6 Rxc6 22. Rfd1 Nxc4 23. Rab1 f5 24. Bd4 Kf7 25. Rb7 d6 26. f4 Rgc8 27.
Be2 Na5 28. Bh5+ Kf8 29. Bg7+ Kxg7 30. Rxe7+ Kg8 31. Rxe6 Rxc2 32. Rexd6 R2c6
33. Bf3 Rxd6 34. Rxd6 Rc1+ 35. Kf2 Rc2+ 36. Kg3 Kg7 37. Rxa6 Rxa2 38. Kh4 h6
39. Kh5 Ra4 40. Ra7+ Kf6 41. Kxh6 Ra3 42. Bd5 1-0

[Event "SVG Plettenberg 1 - SF Essen-Katernberg"]
[Site "NRW-Klasse - Gruppe 2 2018/20"]
[Date "2018.12.09"]
[Round "4.7"]
[White "Neuer, Thomas"]
[Black "Schulze, Marc"]
[Result "1-0"]
[WhiteElo "2132"]
[BlackElo "2210"]
[PlyCount "129"]
[EventDate "2018.??.??"]
[WhiteTeam "SF Essen-Katernberg  1"]
[BlackTeam "SVG Plettenberg 1"]

1. Nf3 Nf6 2. g3 b6 3. Bg2 Bb7 4. c4 c5 5. Nc3 g6 6. O-O Bg7 7. Re1 Ne4 8. Nxe4
Bxe4 9. d3 Bb7 10. Rb1 O-O 11. a3 d5 12. b4 cxb4 13. axb4 dxc4 14. dxc4 Be4 15.
Nd2 Bxg2 16. Kxg2 a5 17. bxa5 bxa5 18. Bb2 Bxb2 19. Rxb2 Qd4 20. Qa1 Nc6 21.
Ra2 Qc5 22. Rc1 f5 23. Qc3 a4 24. Rb1 Nd4 25. Nf3 e5 26. Nxd4 exd4 27. Qb4 Qc6+
28. Kg1 f4 29. Qb5 Qf6 30. f3 fxg3 31. hxg3 Kh8 32. Rxa4 Rae8 33. Qb2 Qe5 34.
Kf1 Rb8 35. Rb4 Rxb4 36. Qxb4 Kg7 37. Qd2 Qxg3 38. Qxd4+ Kh6 39. Qe3+ Kh5 40.
Rb5+ g5 41. Qe4 Qh3+ 42. Kf2 Qh2+ 43. Ke3 Qg1+ 44. Kd2 h6 45. Rb1 Qg2 46. c5
Rf4 47. Qe8+ Kh4 48. c6 Qf2 49. Qe5 Qa7 50. c7 Qa2+ 51. Rb2 Qc4 52. Rc2 Qb4+
53. Qc3 Qd6+ 54. Kc1 Rd4 55. c8=Q Rd1+ 56. Kb2 Qb6+ 57. Qb3 Rb1+ 58. Kxb1 Qxb3+
59. Kc1 Qe3+ 60. Rd2 Qa3+ 61. Kd1 Qa1+ 62. Qc1 Qa4+ 63. Ke1 Qf4 64. Qc3 Qg3+
65. Kd1 1-0

[Event "SVG Plettenberg 1 - SF Essen-Katernberg"]
[Site "NRW-Klasse - Gruppe 2 2018/20"]
[Date "2018.12.09"]
[Round "4.8"]
[White "Pieper, Dawid"]
[Black "Bee, Marcus"]
[Result "0-1"]
[WhiteElo "2152"]
[BlackElo "2143"]
[PlyCount "138"]
[EventDate "2018.??.??"]
[WhiteTeam "SVG Plettenberg 1"]
[BlackTeam "SF Essen-Katernberg  1"]

1. e4 g6 2. d4 Bg7 3. Nf3 c6 4. h3 d6 5. Bc4 Nf6 6. Qe2 O-O 7. e5 Nd5 8. c3 Nc7
9. Nbd2 Be6 10. Bd3 dxe5 11. dxe5 Nd7 12. O-O Bd5 13. c4 Bxf3 14. Nxf3 Ne6 15.
Bc2 Nxe5 16. Be3 Nxf3+ 17. Qxf3 Nd4 18. Bxd4 Qxd4 19. Qe4 e6 20. Qxd4 Bxd4 21.
Rad1 c5 22. b3 Rad8 23. g4 Rd6 24. Kg2 Rfd8 25. Kf3 Kg7 26. Be4 b6 27. Bc2 f5
28. Ke2 Kf6 29. f4 Ke7 30. Rf3 Kf7 31. Rfd3 Ke7 32. Kf3 Bb2 33. Rxd6 Rxd6 34.
Rxd6 Kxd6 35. gxf5 exf5 36. Bd3 Bc1 37. Bc2 Ke6 38. Bd3 Bd2 39. Bc2 h6 40. Bd3
g5 41. fxg5 Bxg5 42. Bc2 Ke5 43. a4 Bc1 44. Bd3 Bg5 45. Bc2 h5 46. Bd3 h4 47.
Bc2 Bf4 48. Bd3 Bg3 49. Bc2 f4 50. a5 bxa5 51. Be4 a4 52. bxa4 Kd4 53. Bd5 a5
54. Ke2 Kc3 55. Kd1 Kb4 56. Bc6 Kxc4 57. Kc2 Kd4 58. Kd2 c4 59. Bf3 c3+ 60. Ke2
Kc4 61. Kd1 Kb3 62. Kc1 Kxa4 63. Kc2 Kb4 64. Kb1 Kc4 65. Kc2 Kd4 66. Bc6 Be1
67. Kd1 Ke3 68. Ba4 Bd2 69. Bb5 f3 0-1

[Event "Godesberger SK 1 - Südlohner SV 1"]
[Site "NRW-Klasse - Gruppe 2 2018/20"]
[Date "2018.12.09"]
[Round "4.1"]
[White "van Lith, Arjan"]
[Black "Nasuta, Grzegorz"]
[Result "0-1"]
[WhiteElo "2157"]
[BlackElo "2503"]
[PlyCount "72"]
[EventDate "2018.??.??"]
[WhiteTeam "Südlohner SV 1"]
[BlackTeam "Godesberger SK 1"]

1. e4 c5 2. Nf3 d6 3. Bb5+ Nd7 4. O-O a6 5. Bd3 Ngf6 6. c3 b5 7. Re1 Bb7 8. Bc2
e5 9. d4 Be7 10. Nbd2 O-O 11. d5 c4 12. Nf1 Qc7 13. h3 a5 14. N3h2 Nc5 15. Ng4
Ncxe4 16. Nfe3 g6 17. Qf3 Nxg4 18. Nxg4 Nc5 19. Nh6+ Kh8 20. Nf5 Bc8 21. Nxe7
Qxe7 22. Bh6 Rg8 23. Qe3 Bf5 24. Bxf5 gxf5 25. f4 f6 26. fxe5 fxe5 27. Rf1 Qf6
28. g4 f4 29. Bxf4 exf4 30. Rxf4 Qe5 31. Qf3 Rae8 32. Kh1 Nd3 33. Rf6 Ne1 34.
Qf2 Qxd5+ 35. Kg1 Nd3 36. Qa7 Re2 0-1

[Event "Godesberger SK 1 - Südlohner SV 1"]
[Site "NRW-Klasse - Gruppe 2 2018/20"]
[Date "2018.12.09"]
[Round "4.2"]
[White "Seger, Ruediger"]
[Black "Kolakovic, Klaudio"]
[Result "1-0"]
[WhiteElo "2323"]
[BlackElo "2119"]
[PlyCount "115"]
[EventDate "2018.??.??"]
[WhiteTeam "Godesberger SK 1"]
[BlackTeam "Südlohner SV 1"]

1. e4 c5 2. c3 Nf6 3. e5 Nd5 4. d4 cxd4 5. Nf3 Nc6 6. cxd4 e6 7. Bc4 Nb6 8. Bd3
Nb4 9. Be4 d5 10. Bd3 Nxd3+ 11. Qxd3 Be7 12. Nc3 Bd7 13. b3 Rc8 14. O-O O-O 15.
a4 a6 16. Ba3 Bxa3 17. Rxa3 Qe7 18. Ra2 Rc7 19. h4 h6 20. Rc2 Rfc8 21. Rfc1 Rc6
22. Ne2 Qa3 23. Ne1 Rxc2 24. Rxc2 Bc6 25. f4 Qe7 26. Nf3 Bd7 27. Nc1 Rc6 28.
Rxc6 Bxc6 29. Qc3 Nd7 30. Nd3 Qa3 31. Qc2 Qa1+ 32. Kh2 Qa3 33. h5 Qa1 34. f5
exf5 35. Nf4 Nf8 36. Qxf5 Bd7 37. Qd3 Be6 38. Nd2 Qc1 39. Qe3 Nh7 40. Nc4 Qf1
41. Nd6 b5 42. axb5 axb5 43. Qf3 Qxf3 44. gxf3 Ng5 45. Kg3 b4 46. Nd3 g6 47.
hxg6 fxg6 48. Nxb4 h5 49. Nc2 h4+ 50. Kxh4 Nxf3+ 51. Kg3 Nd2 52. b4 Nb3 53. b5
Na5 54. b6 Nc6 55. b7 Nb8 56. Nb4 Kf8 57. Nb5 Ke7 58. Nc7 1-0

[Event "Godesberger SK 1 - Südlohner SV 1"]
[Site "NRW-Klasse - Gruppe 2 2018/20"]
[Date "2018.12.09"]
[Round "4.3"]
[White "Engels, Natia"]
[Black "Koehler, Christian Friedrich"]
[Result "1/2-1/2"]
[WhiteElo "2068"]
[BlackElo "2224"]
[PlyCount "98"]
[EventDate "2018.??.??"]
[WhiteTeam "Südlohner SV 1"]
[BlackTeam "Godesberger SK 1"]

1. d4 d5 2. c4 c6 3. e3 Bf5 4. Nc3 e6 5. Nf3 Nf6 6. Ne5 h6 7. cxd5 exd5 8. Bd3
Bxd3 9. Qxd3 Nbd7 10. f4 Bb4 11. O-O O-O 12. Bd2 Qe7 13. a3 Bxc3 14. Bxc3 a5
15. b4 a4 16. b5 c5 17. dxc5 Nxc5 18. Bb4 b6 19. Qd4 Nfd7 20. Nxd7 Qxd7 21.
Rad1 Qxb5 22. Bc3 f6 23. Qxd5+ Kh8 24. Rb1 Qa6 25. Qf5 Rae8 26. Rf3 Qc4 27. Bb4
Qe4 28. Qxe4 Rxe4 29. Rd1 Rfe8 30. Rd6 R8e6 31. Rxe6 Nxe6 32. g4 Nc7 33. g5
fxg5 34. fxg5 Rg4+ 35. Rg3 Rxg5 36. Rxg5 hxg5 37. e4 Kh7 38. Kg2 Kg6 39. Kg3
Kh5 40. Be7 b5 41. Bd6 Ne6 42. Kf3 Kg6 43. Ke3 Kf6 44. Kd3 Nf4+ 45. Kd4 Ne2+
46. Kc5 Ke6 47. Bf8 Kf7 48. Bd6 Ke6 49. Bf8 Kf7 1/2-1/2

[Event "Godesberger SK 1 - Südlohner SV 1"]
[Site "NRW-Klasse - Gruppe 2 2018/20"]
[Date "2018.12.09"]
[Round "4.4"]
[White "Grabowski, Pawel"]
[Black "Doennebrink, Elmar"]
[Result "1-0"]
[WhiteElo "2199"]
[BlackElo "2063"]
[PlyCount "79"]
[EventDate "2018.??.??"]
[WhiteTeam "Godesberger SK 1"]
[BlackTeam "Südlohner SV 1"]

1. Nf3 Nf6 2. g3 g6 3. Bg2 Bg7 4. d4 O-O 5. c4 d6 6. O-O Nbd7 7. Nc3 e5 8. d5
a5 9. e4 Nc5 10. Ne1 Nfd7 11. Be3 f5 12. exf5 gxf5 13. f4 Qe7 14. Qd2 Na6 15.
Nd3 Nf6 16. fxe5 dxe5 17. Rae1 e4 18. Nf4 Ng4 19. Bd4 Bxd4+ 20. Qxd4 Qc5 21.
Qxc5 Nxc5 22. Nb5 c6 23. Nd4 Ne5 24. dxc6 bxc6 25. b3 Rb8 26. g4 a4 27. gxf5
axb3 28. axb3 Bxf5 29. Re3 Bg6 30. Nxg6 Rxf1+ 31. Kxf1 hxg6 32. Bxe4 Nxe4 33.
Rxe4 Nd3 34. Re3 Nc1 35. Rc3 Na2 36. Rg3 c5 37. Ne6 Rc8 38. Rg5 Nc1 39. Nxc5
Rb8 40. Rxg6+ 1-0

[Event "Godesberger SK 1 - Südlohner SV 1"]
[Site "NRW-Klasse - Gruppe 2 2018/20"]
[Date "2018.12.09"]
[Round "4.5"]
[White "Teloeken, Daniel"]
[Black "Schulte-Geers, Niklas"]
[Result "0-1"]
[WhiteElo "1905"]
[BlackElo "2118"]
[PlyCount "104"]
[EventDate "2018.??.??"]
[WhiteTeam "Südlohner SV 1"]
[BlackTeam "Godesberger SK 1"]

1. c4 c6 2. g3 d5 3. Nf3 Nf6 4. Bg2 e6 5. b3 Nbd7 6. Bb2 Bd6 7. d3 b6 8. e4
dxe4 9. dxe4 Qc7 10. O-O O-O 11. Qe2 e5 12. Nc3 Re8 13. Rad1 Nf8 14. Ne1 Bb7
15. Nc2 Ne6 16. Rd2 Rad8 17. Rfd1 Bc5 18. Na4 Bd4 19. Nxd4 Nxd4 20. Bxd4 exd4
21. c5 b5 22. Nb2 Qe7 23. Nd3 Nd5 24. exd5 Qxe2 25. Rxe2 Rxe2 26. dxc6 Bc8 27.
Nb4 a5 28. Nd5 Re5 29. Nb6 Rxc5 30. Nxc8 Rxc8 31. Rxd4 Rc1+ 32. Bf1 b4 33. Rd5
Ra8 34. Rd7 Rxc6 35. Bc4 Rf6 36. Rd1 g6 37. Rd2 Ra7 38. Rd5 Kg7 39. Kg2 Re6 40.
Rd1 Re5 41. h3 Kf6 42. Rd6+ Ke7 43. Rd2 Rd7 44. Rc2 f5 45. Kf3 Rd4 46. h4 Kd6
47. Bg8 h6 48. a4 bxa3 49. Ra2 g5 50. hxg5 hxg5 51. Rxa3 g4+ 52. Kg2 Rd1 0-1

[Event "Godesberger SK 1 - Südlohner SV 1"]
[Site "NRW-Klasse - Gruppe 2 2018/20"]
[Date "2018.12.09"]
[Round "4.6"]
[White "Stenzel, Thomas"]
[Black "Teloeken, Andreas"]
[Result "1-0"]
[WhiteElo "2117"]
[BlackElo "2013"]
[PlyCount "91"]
[EventDate "2018.??.??"]
[WhiteTeam "Godesberger SK 1"]
[BlackTeam "Südlohner SV 1"]

1. e4 c6 2. d4 d5 3. e5 Bf5 4. h4 h5 5. c4 e6 6. Nc3 dxc4 7. Bxc4 Nd7 8. Nge2
Nb6 9. Bb3 Qd7 10. Ng3 Bg6 11. Bg5 Ne7 12. a4 Nbd5 13. O-O Nb4 14. Qd2 Bd3 15.
Rfe1 Nf5 16. Nxf5 Bxf5 17. a5 Be7 18. Na4 Rd8 19. Rad1 Nd3 20. Bxe7 Qxe7 21.
Re3 Rxd4 22. Qc3 Qxh4 23. g3 Qg4 24. Nc5 h4 25. Rdxd3 hxg3 26. Rxg3 Qh4 27. Kf1
Bxd3+ 28. Nxd3 Qh1+ 29. Ke2 Re4+ 30. Kd2 Rh2 31. Qc5 Qf1 32. Rxg7 Rg2 33. Rxg2
Qxg2 34. Qxa7 Qf3 35. Qb8+ Ke7 36. Qxb7+ Kf8 37. Bd1 Qg2 38. Qb6 Rc4 39. Qd8+
Kg7 40. Qf6+ Kf8 41. Bh5 Qg8 42. Qd8+ Kg7 43. Qxg8+ Kxg8 44. b3 Rd4 45. Kc3 Rd5
46. b4 1-0

[Event "Godesberger SK 1 - Südlohner SV 1"]
[Site "NRW-Klasse - Gruppe 2 2018/20"]
[Date "2018.12.09"]
[Round "4.7"]
[White "Hater, Wolfgang"]
[Black "Kutzner, Stephen"]
[Result "0-1"]
[WhiteElo "2016"]
[BlackElo "2190"]
[PlyCount "106"]
[EventDate "2018.??.??"]
[WhiteTeam "Südlohner SV 1"]
[BlackTeam "Godesberger SK 1"]

1. e4 c5 2. Nf3 Nc6 3. d3 g6 4. c3 Bg7 5. Nbd2 d5 6. exd5 Qxd5 7. Be2 Bf5 8.
Nc4 Qd7 9. Ne3 Be6 10. Ng5 Nf6 11. O-O O-O 12. Nxe6 Qxe6 13. a4 Rfd8 14. a5 b5
15. axb6 axb6 16. Rxa8 Rxa8 17. f4 b5 18. f5 Qd7 19. d4 b4 20. Bb5 Qb7 21. Bxc6
Qxc6 22. d5 Qb7 23. Qf3 bxc3 24. bxc3 Qb3 25. c4 Ra2 26. fxg6 hxg6 27. d6 exd6
28. Qf4 Qd3 29. h3 Qe4 30. Qxd6 Bh6 31. Qg3 Nd7 32. Ng4 Bg7 33. Nh6+ Bxh6 34.
Bxh6 Ne5 35. Rf4 Ra1+ 36. Kh2 Qb1 37. Qe3 Qh1+ 38. Kg3 Qe1+ 39. Qxe1 Rxe1 40.
Bg5 f5 41. Bf6 Nc6 42. Kf2 Rc1 43. g4 Kf7 44. g5 Na5 45. Rh4 Nxc4 46. Rh7+ Ke6
47. Rg7 f4 48. Rxg6 Kf5 49. Rg8 Rc2+ 50. Kg1 f3 51. Re8 Kf4 52. Bd8 f2+ 53. Kg2
Ne3+ 0-1

[Event "Godesberger SK 1 - Südlohner SV 1"]
[Site "NRW-Klasse - Gruppe 2 2018/20"]
[Date "2018.12.09"]
[Round "4.8"]
[White "Wecker, Martin"]
[Black "Funke, Reinhard"]
[Result "1-0"]
[WhiteElo "2105"]
[BlackElo "2059"]
[PlyCount "97"]
[EventDate "2018.??.??"]
[WhiteTeam "Godesberger SK 1"]
[BlackTeam "Südlohner SV 1"]

1. d4 Nf6 2. c4 e6 3. Nf3 c5 4. Nc3 cxd4 5. Nxd4 d5 6. cxd5 Nxd5 7. Bd2 Bc5 8.
Nb3 Bb6 9. e4 Qh4 10. Qf3 Nb4 11. Bb5+ Bd7 12. O-O O-O 13. a3 N4c6 14. Bf4 Qf6
15. Qg3 e5 16. Nd5 Qe6 17. Be3 Nd4 18. Bxd4 exd4 19. Bc4 Bd8 20. Qd3 b5 21.
Bxb5 Nc6 22. Bxc6 Qxc6 23. Nxd4 Qb7 24. b4 Re8 25. Rfe1 Rc8 26. Nf5 Rc6 27.
Rad1 Rce6 28. Qd4 f6 29. Nxf6+ Bxf6 30. Qxd7 Rxe4 31. Rxe4 Qxe4 32. Ne3 Rd8 33.
Qg4 Qe7 34. Rxd8+ Qxd8 35. Qe6+ Kh8 36. Qd5 Qc8 37. g3 h6 38. Kg2 Qc3 39. Qa8+
Kh7 40. Qe4+ Kg8 41. Qc4+ Kf8 42. Qxc3 Bxc3 43. Kf3 Ke8 44. Ke4 Kd7 45. Kd5 a6
46. Nf5 h5 47. f3 g6 48. Nd4 Be1 49. Ne6 1-0

[Event "Bielefelder SK 1 - Düsseldorfer SK 2"]
[Site "NRW-Klasse - Gruppe 2 2018/20"]
[Date "2018.12.09"]
[Round "4.1"]
[White "Coenen, Michael"]
[Black "Forchert, Martin"]
[Result "1/2-1/2"]
[WhiteElo "2327"]
[BlackElo "2262"]
[PlyCount "65"]
[EventDate "2018.??.??"]
[WhiteTeam "Düsseldorfer SK 2"]
[BlackTeam "Bielefelder SK 1"]

1. Nf3 d5 2. d4 Nf6 3. c4 c6 4. Nc3 dxc4 5. a4 Bf5 6. Ne5 Nbd7 7. Nxc4 Nb6 8.
Ne5 a5 9. f3 Nfd7 10. Nxd7 Bxd7 11. e4 g6 12. Be3 Bg7 13. Qb3 O-O 14. Be2 Nc8
15. O-O Qb6 16. Qxb6 Nxb6 17. Ra3 Rab8 18. Rd1 Na8 19. Rd2 Rbd8 20. Kf1 Bc8 21.
Ke1 Rd7 22. d5 Be5 23. f4 Bd6 24. Ra1 Bb4 25. dxc6 bxc6 26. Rc1 Rxd2 27. Kxd2
Be6 28. Ke1 Rb8 29. g4 Nb6 30. f5 Bb3 31. Bf4 Rb7 32. Kf1 f6 33. Bd2 1/2-1/2

[Event "Bielefelder SK 1 - Düsseldorfer SK 2"]
[Site "NRW-Klasse - Gruppe 2 2018/20"]
[Date "2018.12.09"]
[Round "4.2"]
[White "Gruen, Gerd-Peter"]
[Black "Harff, Marcel"]
[Result "1/2-1/2"]
[WhiteElo "2227"]
[BlackElo "2350"]
[PlyCount "112"]
[EventDate "2018.??.??"]
[WhiteTeam "Bielefelder SK 1"]
[BlackTeam "Düsseldorfer SK 2"]

1. d4 Nf6 2. Nf3 e6 3. c4 b6 4. g3 Bb7 5. Bg2 Bb4+ 6. Bd2 Qe7 7. O-O O-O 8. Bg5
h6 9. Bxf6 Qxf6 10. a3 Be7 11. Nc3 d6 12. e4 Rd8 13. Qe2 Bf8 14. d5 Nd7 15.
dxe6 fxe6 16. Rfe1 Ne5 17. Nxe5 dxe5 18. Rad1 Bc5 19. b4 Bf8 20. c5 bxc5 21.
Qc4 cxb4 22. axb4 Bd6 23. Bh3 Bc8 24. Nb5 Qe7 25. Re3 a6 26. Nxd6 cxd6 27. Red3
Rb8 28. Qc6 Bb7 29. Qc4 d5 30. Qa2 Kh8 31. Qa5 Rf8 32. Bg2 dxe4 33. Re3 Qf6 34.
Rd2 Rbc8 35. Qa1 Rc4 36. Qe1 Rd8 37. Rxd8+ Qxd8 38. Bxe4 Bxe4 39. Rxe4 Rxe4 40.
Qxe4 Qd1+ 41. Kg2 Qd5 42. Kf3 Kg8 43. Ke3 Kf7 44. Qg4 g6 45. h4 Kf6 46. Ke2 g5
47. hxg5+ hxg5 48. Ke3 Qb3+ 49. Ke2 Qc2+ 50. Ke3 Qc1+ 51. Ke2 Ke7 52. Qe4 Qb2+
53. Kf1 Qd4 54. Qb7+ Kf6 55. Qxa6 Qxb4 56. Qa8 Qc4+ 1/2-1/2

[Event "Bielefelder SK 1 - Düsseldorfer SK 2"]
[Site "NRW-Klasse - Gruppe 2 2018/20"]
[Date "2018.12.09"]
[Round "4.3"]
[White "Kohlweyer, Bernd"]
[Black "Simon, Hans Christian"]
[Result "1-0"]
[WhiteElo "2296"]
[BlackElo "2140"]
[PlyCount "63"]
[EventDate "2018.??.??"]
[WhiteTeam "Düsseldorfer SK 2"]
[BlackTeam "Bielefelder SK 1"]

1. d4 Nf6 2. c4 e6 3. Nf3 Bb4+ 4. Nbd2 d5 5. Qa4+ Nc6 6. a3 Bxd2+ 7. Bxd2 Ne4
8. Rd1 O-O 9. e3 Bd7 10. Qc2 a5 11. Bd3 f5 12. O-O Qe7 13. Be1 h6 14. Nd2 Nd6
15. f4 Be8 16. Be2 a4 17. c5 Ne4 18. Nxe4 fxe4 19. g4 Bd7 20. Kg2 Na7 21. Bg3
b6 22. cxb6 cxb6 23. Rc1 Rac8 24. Qd2 Bb5 25. Rxc8 Rxc8 26. Bxb5 Nxb5 27. f5
Rf8 28. Qc2 exf5 29. Qc6 fxg4 30. Qxd5+ Kh8 31. Qxb5 Rf3 32. d5 1-0

[Event "Bielefelder SK 1 - Düsseldorfer SK 2"]
[Site "NRW-Klasse - Gruppe 2 2018/20"]
[Date "2018.12.09"]
[Round "4.4"]
[White "Goeßling, Guido"]
[Black "Hoenig, Alexander"]
[Result "0-1"]
[WhiteElo "2135"]
[BlackElo "2155"]
[PlyCount "82"]
[EventDate "2018.??.??"]
[WhiteTeam "Bielefelder SK 1"]
[BlackTeam "Düsseldorfer SK 2"]

1. e4 c6 2. d4 d5 3. e5 c5 4. dxc5 e6 5. b4 a5 6. c3 axb4 7. cxb4 b6 8. Be3
bxc5 9. bxc5 Qa5+ 10. Nd2 Nd7 11. Ngf3 Bxc5 12. Bxc5 Nxc5 13. Be2 Ba6 14. O-O
Ne7 15. Bxa6 Qxa6 16. Nb3 Nd3 17. Qd2 Ng6 18. h4 O-O 19. Qe3 h6 20. h5 Ne7 21.
Nfd4 Rac8 22. f4 Nb4 23. a4 Nc2 24. Nxc2 Rxc2 25. Nd4 Rc4 26. a5 Ra8 27. Ra3
Qa7 28. Rd1 Qc5 29. g4 Rxa5 30. Rxa5 Qxa5 31. f5 Qa4 32. Rd2 Nc6 33. Nxc6 Rxg4+
34. Rg2 Rxg2+ 35. Kxg2 Qxc6 36. Qf4 Qc2+ 37. Kg3 Qxf5 38. Qxf5 exf5 39. Kf4 g6
40. hxg6 fxg6 41. e6 Kf8 0-1

[Event "Bielefelder SK 1 - Düsseldorfer SK 2"]
[Site "NRW-Klasse - Gruppe 2 2018/20"]
[Date "2018.12.09"]
[Round "4.5"]
[White "von Buenau, Heinrich"]
[Black "Forchert, Niko"]
[Result "1-0"]
[WhiteElo "2167"]
[BlackElo "2074"]
[PlyCount "53"]
[EventDate "2018.??.??"]
[WhiteTeam "Düsseldorfer SK 2"]
[BlackTeam "Bielefelder SK 1"]

1. Nf3 d5 2. g3 Nf6 3. Bg2 Bf5 4. c4 c6 5. Qb3 Qb6 6. cxd5 Qxb3 7. axb3 Nxd5 8.
d3 Nb4 9. Na3 Nd7 10. Nd4 Bg6 11. f4 e6 12. Bd2 Bc5 13. Ndc2 Nxc2+ 14. Nxc2 O-O
15. b4 Bb6 16. Na3 a6 17. Nc4 Bc7 18. Na5 Rab8 19. Nxb7 Rxb7 20. Bxc6 Ra7 21.
Bxd7 Bd6 22. Bb5 Rb8 23. Bc4 Bxb4 24. Bxb4 Rxb4 25. b3 a5 26. Kd2 a4 27. Kc3
1-0

[Event "Bielefelder SK 1 - Düsseldorfer SK 2"]
[Site "NRW-Klasse - Gruppe 2 2018/20"]
[Date "2018.12.09"]
[Round "4.6"]
[White "Roemhild, Marcus"]
[Black "Berndt, Axel"]
[Result "1-0"]
[WhiteElo "2047"]
[BlackElo "2125"]
[PlyCount "79"]
[EventDate "2018.??.??"]
[WhiteTeam "Bielefelder SK 1"]
[BlackTeam "Düsseldorfer SK 2"]

1. e4 Nf6 2. e5 Nd5 3. d4 d6 4. Bc4 Nb6 5. Bb3 dxe5 6. Qh5 e6 7. dxe5 c5 8. Na3
Nc6 9. Nf3 g6 10. Qg4 h5 11. Qe4 Na5 12. Bg5 Be7 13. Rd1 Bd7 14. Be3 Qc7 15. c4
Bc6 16. Qf4 Nxb3 17. axb3 Nd7 18. O-O a6 19. Rfe1 Bxf3 20. gxf3 g5 21. Qe4 Nxe5
22. Bxc5 Nxf3+ 23. Qxf3 Bxc5 24. Qf6 Rg8 25. Rxe6+ Be7 26. Re2 Rd8 27. Rde1 Rd7
28. Nc2 Kf8 29. Qh6+ Rg7 30. Nd4 Rd6 31. Rxe7 Qxe7 32. Qxg7+ Kxg7 33. Nf5+ Kf6
34. Nxe7 Rd2 35. Nd5+ Kf5 36. Re7 Rxb2 37. Rxf7+ Kg4 38. Kg2 Rxb3 39. Ne3+ Kh4
40. Nf5+ 1-0

[Event "Bielefelder SK 1 - Düsseldorfer SK 2"]
[Site "NRW-Klasse - Gruppe 2 2018/20"]
[Date "2018.12.09"]
[Round "4.7"]
[White "Lueckerath, Moritz"]
[Black "Danielmeier, Ralf"]
[Result "0-1"]
[WhiteElo "1964"]
[BlackElo "1992"]
[PlyCount "62"]
[EventDate "2018.??.??"]
[WhiteTeam "Düsseldorfer SK 2"]
[BlackTeam "Bielefelder SK 1"]

1. e4 d5 2. exd5 Qxd5 3. Nc3 Qa5 4. d4 Nf6 5. Nf3 Bf5 6. Bc4 e6 7. Bd2 Bb4 8.
Qe2 O-O 9. O-O-O Nc6 10. h3 Nd5 11. g4 Bxc3 12. Bxc3 Nxc3 13. bxc3 Bg6 14. h4
Qxc3 15. h5 Bxc2 16. Qxc2 Qxf3 17. g5 Nxd4 18. Qb2 Nf5 19. Qd2 Qc6 20. Qc2 Nd6
21. Rh4 b5 22. h6 g6 23. Rxd6 Qxd6 24. Qc3 e5 25. Bb3 c5 26. Re4 c4 27. Bd1
Rfe8 28. f4 b4 29. Qe1 b3 30. fxe5 Qa3+ 31. Kd2 Qb4+ 0-1

[Event "Bielefelder SK 1 - Düsseldorfer SK 2"]
[Site "NRW-Klasse - Gruppe 2 2018/20"]
[Date "2018.12.09"]
[Round "4.8"]
[White "Schnitker, Rainer"]
[Black "Hoeche, Alexander"]
[Result "1-0"]
[WhiteElo "2026"]
[BlackElo "1826"]
[PlyCount "85"]
[EventDate "2018.??.??"]
[WhiteTeam "Bielefelder SK 1"]
[BlackTeam "Düsseldorfer SK 2"]

1. Nf3 g6 2. c4 Bg7 3. Nc3 Nf6 4. g3 d6 5. Bg2 O-O 6. O-O e5 7. d3 Nc6 8. Rb1
a5 9. a3 Ne7 10. b4 axb4 11. axb4 Nh5 12. Bb2 f5 13. Qb3 c6 14. Ra1 Rxa1 15.
Rxa1 Kh8 16. Ra8 Qd7 17. b5 d5 18. cxd5 cxd5 19. Ba3 d4 20. Na4 Qc7 21. Qc4
Qxc4 22. dxc4 Be6 23. Rxf8+ Bxf8 24. Nxe5 Bg7 25. Nd3 Bf6 26. Nb6 Nc8 27. Nxc8
Bxc8 28. Bb2 Ng7 29. Nc5 Ne6 30. Nxb7 Bxb7 31. Bxb7 Nc5 32. Bc6 Na4 33. Ba3 Be5
34. f4 Bb8 35. c5 Kg7 36. b6 Nc3 37. Bf3 Na4 38. Bc6 Nc3 39. Kf1 Kf7 40. Bb2
Ke6 41. Bxc3 dxc3 42. Ke1 g5 43. e3 1-0

[Event "SK Königsspringer Iserlohn 1 - SK Sodi"]
[Site "NRW-Klasse - Gruppe 2 2018/20"]
[Date "2018.12.09"]
[Round "4.2"]
[White "Eckardt, Joshua"]
[Black "Boehnke, Martin"]
[Result "1-0"]
[WhiteElo "2251"]
[BlackElo "2163"]
[PlyCount "125"]
[EventDate "2018.??.??"]
[WhiteTeam "SK Königsspringer Iserlohn 1"]
[BlackTeam "SK Sodingen/Castrop 1"]

1. d4 d5 2. c4 c6 3. Nf3 Nf6 4. Nc3 dxc4 5. a4 Bf5 6. Ne5 Nbd7 7. Nxc4 Qc7 8.
g3 e5 9. dxe5 Nxe5 10. Bf4 Nfd7 11. Bg2 g5 12. Ne3 gxf4 13. Nxf5 Nc5 14. O-O
fxg3 15. hxg3 a5 16. Qc2 O-O-O 17. Rfd1 h5 18. Rxd8+ Qxd8 19. Rd1 Qf6 20. Ne4
Nxe4 21. Qxe4 Bc5 22. e3 Kc7 23. Bh3 Ng6 24. Nh4 Ne5 25. Kg2 Rg8 26. b3 Ng4 27.
Nf5 Rg5 28. Qf4+ Kb6 29. Nd6 Qxf4 30. exf4 Nxf2 31. Nc4+ Ka6 32. Rd8 Rd5 33.
Ra8+ Ba7 34. Rxa7+ Kxa7 35. Kxf2 b5 36. Ne5 bxa4 37. bxa4 c5 38. Bf1 f6 39. Nc4
Rd4 40. Ke3 Rd1 41. Nd2 Ra1 42. Bb5 Ra3+ 43. Kf2 Ra2 44. Ke1 Ra1+ 45. Ke2 Ra2
46. Be8 c4 47. Kd1 Ra3 48. Nxc4 Rxg3 49. Bxh5 Rh3 50. Be2 Rh4 51. f5 Rd4+ 52.
Kc2 Rd5 53. Bd3 Rd4 54. Kc3 Rf4 55. Bc2 Ka6 56. Ne3 Rf3 57. Kd4 Rf4+ 58. Kc5
Rf3 59. Nd5 Rh3 60. Kd6 Kb7 61. Nxf6 Rh6 62. Ke5 Kc6 63. Bd3 1-0

[Event "SK Königsspringer Iserlohn 1 - SK Sodi"]
[Site "NRW-Klasse - Gruppe 2 2018/20"]
[Date "2018.12.09"]
[Round "4.3"]
[White "Kusnetsov, Mark"]
[Black "Runtemund, Rene"]
[Result "0-1"]
[WhiteElo "2117"]
[BlackElo "2035"]
[Annotator "Daniel"]
[PlyCount "56"]
[EventDate "2018.??.??"]
[WhiteTeam "SK Sodingen/Castrop 1"]
[BlackTeam "SK Königsspringer Iserlohn 1"]

1. d4 c5 2. e3 e6 3. Nf3 Nf6 4. Bd3 b6 5. b3 Be7 6. Bb2 O-O 7. Nbd2 Bb7 8. O-O
d6 9. Re1 Nbd7 10. a4 a6 11. Qe2 Ra7 12. Rad1 Qa8 13. c3 Ne4 14. Nxe4 Bxe4 15.
c4 Nf6 $11 16. Bxe4 Nxe4 17. d5 e5 18. Qd3 f5 19. Nd2 Nxd2 20. Rxd2 f4 21. exf4
Rxf4 22. Re3 Bg5 23. Rh3 g6 24. Rg3 Qd8 25. Re2 Raf7 26. f3 Rh4 27. Bc3 Bf4 28.
Rg4 Bxh2+ 0-1